000 00809nam a22002657a 4500
001 4004
003 FISKH
005 20240530085849.0
008 240530b cb ||||| |||| 00| 0 eng d
020 _a9780439649988
040 _aFISKH
_beng
_cFISKH
_dFISKH
050 _aPZ7.V2857
082 _a813
100 _aDraanen Van Wendelin
_d1965-
245 _aFlipped /
_cWendelin Van Draanen
260 _aNew York :
_bScholastic,
_c2004
300 _a212 pages :
_c20 cm
505 _aM
520 _aIn alternating chapters, two teenagers describe how their feelings about themselves, each other, and their families have changed over the years.
521 8 _a720
_bLexile
521 8 _aM
_bRaz-Plus
700 _aWendelin Van Draanen
942 _2ddc
_cBK
_n0
999 _c4004
_d4004